Statistics for Most Polluted Cities In The World

Click here to take the quiz!

General Stats

  • This quiz has been taken 36 times
  • The average score is 3 of 19

Answer Stats

Answer% Correct
Delhi
94%
Riyadh
89%
Ahmedabad
54%
Lucknow
34%
Kanpur
17%
Dammam
14%
Patna
9%
Shijiazhuang
6%
Ludhiana
3%
Peshawar
3%
Al Jubail
0%
Bamenda
0%
Boading
0%
Firozabad
0%
Gwalior
0%
Handan
0%
Khanna
0%
Xingtai
0%
Zabol
0%

Score Distribution

Percentile by Number Answered

Percent of People with Each Score

Your Score History

You have not taken this quiz